Krebs Cycle - Statistics

General Stats
  • This quiz has been taken 317 times
  • The average score is 11 of 17
Answer Stats
Hint Answer % Correct
Other starting compound Acetyl CoA
90%
First intermediate Citrate
86%
Starting compound (with two carboxyl groups) Oxaloacetate
80%
Second intermediate Isocitrate
73%
Seventh intermediate Malate
73%
Fifth intermediate Succinate
70%
Sixth intermediate Fumarate
69%
Fourth intermediate Succinyl CoA
67%
Third intermediate Alpha ketoglutarate
60%
Third enzyme Isocitrate dehydrogenase
56%
First enzyme Citrate synthase
53%
Seventh enzyme Malate dehydrogenase
52%
Second enzyme Aconitase
50%
Seventh enzyme Fumarase
49%
Fourth enzyme Alpha ketoglutarate dehydrogenase
48%
Sixth enzyme Succinate dehydrogenase
46%
Fifth enzyme Succinyl CoA synthetase
37%
No matching quizzes found
Score Distribution
Percent of People with Each Score
Percentile by Number Answered
Your Score History
You have not taken this quiz